ঢাকা জেলার কমিউনিস্ট আন্দোলনের অতীত যুগ (Record no. 454635)

MARC details
000 -LEADER
fixed length control field 01364nam a2200385 a 4500
001 - CONTROL NUMBER
control field vtls000537456
003 - CONTROL NUMBER IDENTIFIER
control field NLI
005 - DATE AND TIME OF LATEST TRANSACTION
control field 20210603145206.0
008 - FIXED-LENGTH DATA ELEMENTS--GENERAL INFORMATION
fixed length control field 110309s1987 bg f g 000 0 ben d
020 ## - INTERNATIONAL STANDARD BOOK NUMBER
Terms of availability Rs.40.00
022 ## - INTERNATIONAL STANDARD SERIAL NUMBER
-- Rs.
039 #9 - LEVEL OF BIBLIOGRAPHIC CONTROL AND CODING DETAIL [OBSOLETE]
-- 201103091709
-- bengal1
040 ## - CATALOGING SOURCE
Original cataloging agency NLI
Language of cataloging ben
041 0# - LANGUAGE CODE
Language code of text/sound track or separate title ben
044 ## - COUNTRY OF PUBLISHING/PRODUCING ENTITY CODE
MARC country code ii
082 04 - DEWEY DECIMAL CLASSIFICATION NUMBER
Classification number 335.4
Edition number 22
100 1# - MAIN ENTRY--PERSONAL NAME
Linkage 880-01
Personal name চক্রবর্তী , জ্ঞান
9 (RLIN) 1511
245 10 - TITLE STATEMENT
Linkage 880-02
Title ঢাকা জেলার কমিউনিস্ট আন্দোলনের অতীত যুগ
Statement of responsibility, etc. জ্ঞান চক্রবর্তী
260 ## - PUBLICATION, DISTRIBUTION, ETC.
Place of publication, distribution, etc. ঢাকা :
Name of publisher, distributor, etc. জাতীয় সাহিত্য প্রকাশন ,
Date of publication, distribution, etc. 1987
300 ## - PHYSICAL DESCRIPTION
Extent 151p. :
Other physical details plate ;
Dimensions 22cm.
650 #0 - SUBJECT ADDED ENTRY--TOPICAL TERM
Topical term or geographic name entry element Communism
9 (RLIN) 1081
700 1# - ADDED ENTRY--PERSONAL NAME
Linkage 880-03
710 ## - ADDED ENTRY--CORPORATE NAME
Linkage 880-04
880 1# - ALTERNATE GRAPHIC REPRESENTATION
Linkage 100-01(B
a Cakrabarti, Jnan
880 10 - ALTERNATE GRAPHIC REPRESENTATION
Linkage 245-02(B
a Dhaka jelar kamiunist andolalaner atit yug
c Jnan Cakrabarti
880 1# - ALTERNATE GRAPHIC REPRESENTATION
Linkage 700-03(B
880 1# - ALTERNATE GRAPHIC REPRESENTATION
Linkage 700-04(B
887 ## - NON-MARC INFORMATION FIELD
Content of non-MARC field Somenath Diyasi
901 ## - LOCAL DATA ELEMENT A, LDA (RLIN)
a 569
b 27.04.88
902 ## - LOCAL DATA ELEMENT B, LDB (RLIN)
a B335.4 C18121
904 ## - LOCAL DATA ELEMENT D, LDD (RLIN)
a Somenath Diyasi
942 ## - ADDED ENTRY ELEMENTS (KOHA)
Source of classification or shelving scheme Dewey Decimal Classification
Koha item type Books
949 ## - LOCAL PROCESSING INFORMATION (OCLC)
-- VIRTUAITEM
-- 10008
-- 100
6 PUR000000569BEN
e 569
Holdings
Withdrawn status Lost status Damaged status Not for loan Collection code Home library Current library Shelving location Date acquired Total Checkouts Full call number Barcode Date last seen Price effective from Koha item type
        Bengali National Library of India National Library of India Bengali - Books - Main Stack Division     B335.4 C18121 PUR000000569BEN 03/06/2021 03/06/2021 Books
                                                                           
web counter

Copyright ©2020 The National Library of India, Govt. of India ↔ Hosted by NVLI, MOC ↔ Technology and Design by National Library of India, Ministry of Culture, Govt. of India